000 01046nam a2200277 i 4500
003 EG-GICUC
005 20260321165357.0
008 260321s1977 sz ||||fr|||| 00| 0 fre d
040 _aEG-GiCUC
_bfre
_cEG-GiCUC
_dEG-GiCUC
_eRda
082 0 4 _221
_a341.65
_bCO . P
092 0 4 _221
099 _aLaw1 11 341.65 CO . P 1977
110 _aComité International De La Croix-Rouge
_eAuteur
245 _aLes Protocoles Additionnels Aux Conventions De Genève Du 12 Août 1949 Et Les Résolutions De La Conférence Diplomatique /
_cComité International De La Croix-Rouge .
264 1 _aGenéve :
_bComité International De La Croix-Rouge ,
_c1977 .
300 _a136 page ;
_c24 cm.
336 _2rda contenu
_a texte
337 _2rda medias
_aOrdinateur
338 _2 transporteur rda
_a Ressource en ligne
546 _aTexte en français
650 _aDroit International Public
650 _aOrganisation de la Croix-Rouge
856 4 0 _uhttps://fll.law.cu.edu.eg/fulltext/bks/B11-06066.pdf
905 _a59
942 _2ddc
_n0
_cBK
_e21
999 _c66476
_d66476